Libro para el maestro : español :
Gespeichert in:
| Körperschaft: | |
|---|---|
| Weitere Verfasser: | |
| Format: | Buch |
| Sprache: | Spanisch |
| Erschienen: |
México :
SEP. Comisión Nacional de los Libros de Texto Gratuitos,
1999.
|
| Katalog: | MANES: Suchergebnis im Bibliothekskatalog |
| Schulbuchspezifische Eigenschaften: |
|
| Schriftenreihe: | Libro de texto gratuito.
|
| Tags: |
Tag hinzufügen
Keine Tags, Fügen Sie den ersten Tag hinzu!
|
| Hinzugefügt zu: | 16.11.2005 |
| Geändert in: | 08.05.2025 |
MARC
| LEADER | 00000cam a2200000 a 4500 | ||
|---|---|---|---|
| 003 | OSt | ||
| 005 | 20250508092021.0 | ||
| 008 | 051117n1999 mx f 000 0 spa u | ||
| 020 | |a 9701824199 (Obra general) |a 9701824229 | ||
| 040 | |a CINV |c CINV | ||
| 050 | 0 | 4 | |a LTG LB1577 |b M49lm 3º 1999 |
| 110 | 2 | |a México. |b Comisión Nacional de los Libros de Texto Gratuitos. |9 24678 | |
| 245 | 1 | 0 | |a Libro para el maestro : |b español : |b tercer grado / |c Margarita Gómez Palacio Muñoz...[et al.]. |
| 260 | |a México : |b SEP. Comisión Nacional de los Libros de Texto Gratuitos, |c 1999. | ||
| 300 | |a 239 p. : |b il., ; |c 27 cm. | ||
| 440 | |a Libro de texto gratuito. |9 21882 | ||
| 546 | |a México | ||
| 561 | |5 mx-CINVES |a México. DIE-Cinvestav (Ciudad de México) |k MANES | ||
| 690 | 0 | |a EyL | |
| 691 | 0 | |a PRI | |
| 700 | 1 | |a Gómez Palacio Muñoz, Margarita. |9 23745 | |
| 910 | |a E-34896 | ||
| 942 | |2 lcc |c BK | ||
| 999 | |c 54529 |d 54529 | ||
| 999 | |c manes:54529 |d 54529 | ||